000 01373cam a22002891i 4500
003 SA-RiAUC
005 20241010085509.0
008 241008s1982 su g b 00010 ara c
040 _aSA-MdTU
_bara
_cSA-RiAUC
_erda
082 0 4 _a415.5
_qSA-RiAUC
090 _a415.5
_bأ ن ب
100 1 _aالأنباري، عبد الرحمن بن محمد بن عبيد الله،
_d513-577 هجري
_eمؤلف.
245 1 2 _aالوجيز في علم التصريف /
_cلأبي البركات عبد الرحمن بن محمد بن الأنباري ؛ تحقيق علي حسين البواب.
250 _aالطبعة الأولى.
264 1 _aالرياض :
_bدار العلوم للطباعة والنشر،
_c1982
300 _a585 صفحة ؛
_c25 سم
336 _aنص
_btxt
_2rdacontent
_3كتاب
337 _aبدون وسيط
_bn
_2rdamedia
338 _aمجلد
_bnc
_2rdacarrier
500 _aيشتمل على كشافات.
504 _aببليوجرافية : صفحة 79-81.
650 7 _aاللغة العربية
_xصرف
_2aucsh
700 1 _aالبواب، علي حسين،
_d1947-
_eمحقق.
700 1 2 _iتحقيق لـ (عمل) :
_aالأنباري، عبد الرحمن بن محمد بن عبيد الله،
_d513-577 هجري.
_tالوجيز في علم التصريف.
942 _2ddc
_cBOOK
_n0
949 _aSA-JeALM
_d241008
_umohamedma123
_n1
999 _c1147
_d1147